00469 a2200157 4500000002100000001000700021005001700028008004100045082001800086100001900104245010400123260002900227300001000256700002200266700002300288BKB 07072220200902150856.0  a515.355bH32A1 aHayashi, Nakao1 aAsymptotics for dissipative nonlinear equationscby Nakao Hayashi, Elena Kaikina, and P. I. Naumkin aNew YorkbSpringerc2006 a557p. aKaikina, E.I.bc aNaumkin, P. I.bc